[Event "Rhein Main op 07th"]
[Site "Bad Homburg"]
[Date "2004.06.12"]
[Round "6.45"]
[White "Ostermeier, Thorsten"]
[Black "Hoeche, Friedrich"]
[Result "1/2-1/2"]
[WhiteElo "1766"]
[BlackElo "1609"]
[PlyCount "58"]
[EventDate "2004.06.09"]
[EventType "swiss"]
[EventRounds "7"]
[EventCountry "GER"]
[SourceTitle "CBM 100 Extra"]
[Source "ChessBase"]
[SourceDate "2004.07.06"]
[SourceVersion "2"]
[SourceVersionDate "2004.07.06"]
[SourceQuality "1"]

1. Nf3 c5 2. d4 e6 3. e3 d5 4. c3 Nc6 5. Bd3 Nge7 6. Nbd2 cxd4 7. exd4 g6 8. 0-0 Bg7 9. Re1 0-0 10. Nf1 Na5 11. Bf4 Nc4 12. Bxc4 dxc4 13. a4 b5 14. axb5 Qb6 15. Qa4 Bd7 16. Qxc4 Rfc8 17. Qd3 Bxb5 18. Qd2 Bc4 19. Ne3 Bd5 20. Nxd5 Nxd5 21. Bh6 Bxh6 22. Qxh6 Qxb2 23. Rab1 Qa3 24. Ng5 Nf6 25. Nxe6 fxe6 26. Rb7 Qf8 27. Qh3 Rc6 28. Rxe6 Rb6 29. Rexb6 axb6 1/2-1/2